Multiple Choice City Quiz - Khartoum - Statistics

General Stats
  • This quiz has been taken 35 times
    28 since last reset
  • The average score is 8 of 10
Answer Stats
Question Answer % Correct
What is the dominant religion in Khartoum? Islam
100%
Which country colonized Khartoum before Sudan's independence? United Kingdom
92%
What is the primary language spoken in Khartoum? Arabic
88%
What type of climate does Khartoum have? Arid desert
79%
What natural hazard most often affects Khartoum during the rainy season? Floods
79%
What is the origin of the name "Khartoum"? Nubian
71%
Which desert surrounds most of Khartoum? Sahara Desert
71%
Which three cities make up the Khartoum metropolitan area? Khartoum, Omdurman, Khartoum North
67%
What is the name of Khartoum’s largest and most important university? University of Khartoum
67%
Which photo shows Khartoum?
50%
No matching quizzes found
Score Distribution
Percent of People with Each Score
Percentile by Number Answered
Your Score History
You have not taken this quiz since the last reset